LEADER 01390nam a2200301 u 4500 001 000000122764 003 CaOOAMICUS 005 20100826141714.0 008 100826t2010 it u000 u ita r 020 $a978-88-13-30245-0 040 $aPUL$bita$dReb 082 04$a305.6 100 1 $aPin, Andrea.$0(OLS)http://pul/name/77131 245 10$aLaicità e Islam nell'ordinamento italiano :$buna questione di metodo /$cAndrea Pin. 260 $aPadova :$bCEDAM,$c©2010. 300 $axi, 305 p. ;$c24 cm. 490 1 $aPubblicazioni della Facoltà di giurisprudenza dell'Università di Padova ;$v175 504 $aBibliografia : p. [275]-305. 650 4$aLaicismo.$0(OLS)http://pul/subject/33839 650 4$aIslam$zItalia.$0(OLS)http://pul/subject/34411 830 0$aPubblicazioni della Facoltà di giurisprudenza dell'Università di Padova ;$v175.$0(OLS)http://pul/title/14626 850 $aPUL 852 $aPUL$W1$xSL Diritto e Scienze Sociali 3$y79$m305. 6 PINAN 1$j140998$qDDC 21$B140078$CPULBib$Z2$F140078 $H114510 $82 941 1 $a9 996 $6020$a978-88-13-30245-0$9(OLS)http://pul/number/145185 996 $6082$a305.6$9(OLS)http://pul/classification/687 996 $6245$aLaicità e Islam nell'ordinamento italiano :$buna questione di metodo$9(OLS)http://pul/title/154745 996 $6260$aPadova :$bCEDAM$9(OLS)http://pul/publisher/48126 LEADER 01930nam a2200325 a 4500 001 000000129994 003 CaOOAMICUS 005 20120912091658.0 008 120912s2012 vc u000 u ita r 020 $a978-88-209-8823-4 040 $aPUL$bita 082 04$a232.9 110 2 $aConsejo episcopal latinoamericano. Conferenza generale$n(5 :$d2007 :$cAparecida, Brasile).$0(OLS)http://pul/name/83256 245 10$aDiscepoli e missionari di Gesù Cristo affinché in Lui abbiano vita :$bV Conferenza generale dell'Episcopato latino-americano e dei Caraibi, Aparecida, Brasile, 13-31 maggio 2007 : documento conclusivo, traduzione italiana /$ca cura della Pontificia Commissione per l'America Latina. 260 $aCittà del Vaticano :$bLibreria editrice vaticana,$c©2012. 300 $a281 p. ;$c24 cm 500 $aContiene riferimenti bibliografici. 500 $aPretitolo trattato come primo complemento del titolo. 650 4$aMissioni$xCongressi.$0(OLS)http://pul/subject/14745 650 4$aEvangelizzazione$xCongressi.$0(OLS)http://pul/subject/8139 651 4$aAmerica Latina$xEvangelizzazione.$0(OLS)http://pul/subject/29192 710 2 $aPontificia commissione per l'America Latina.$0(OLS)http://pul/name/9830 850 $aPUL 852 $aPUL$W1$xSL Religione 3$y85$m232. 9 CGELA 1$j150540$qDDC 21$B149084$CPULBib$Z2$F149084 $H120225 $82 941 1 $a9 996 $6020$a978-88-209-8823-4$9(OLS)http://pul/number/150457 996 $6082$a232.9$9(OLS)http://pul/classification/575 996 $6245$aDiscepoli e missionari di Gesù Cristo affinché in Lui abbiano vita :$bV Conferenza generale dell'Episcopato latino-americano e dei Caraibi, Aparecida, Brasile, 13-31 maggio 2007 : documento conclusivo, traduzione italiana$9(OLS)http://pul/title/164326 996 $6260$aCittà del Vaticano :$bLibreria editrice vaticana$9(OLS)http://pul/publisher/47920 LEADER 01020naa a2200193 u 4500 001 000000095659 003 CaOOAMICUS 005 20070226130143.0 008 040709s1963 gw u000 u fre u 035 $a11003888 040 $aIAR$bita 100 1 $aKrapiec, Mieczyslaw Albert,$cO.P.,$b1921-2008.$0(OLS)http://pul/name/65413 245 10$aPour une interprétation contemporaine de la métaphysique thomiste /$cM.A. Krapiec. 260 $aBerlin :$bW. de Gruyter,$c1963. 300 $aS. 341-347, ;$c25 cm 773 0 $aDie Metaphysik im Mittelalter - ihr Ursprung und ihre Bedeutung. 773 0 $aCongrés international de philosophie médiévale.$tDie Metaphysik im Mittelalter, ihr Ursprung und ihre Bedeutung : Vorträge des II. Internationalen Kongresses für mittelalterliche Philosophie, Köln 31. August - 6. September 1961$w()12913 996 $6245$aPour une interprétation contemporaine de la métaphysique thomiste$9(OLS)http://pul/title/122535 996 $6260$aBerlin :$bW. de Gruyter$9(OLS)http://pul/publisher/48032 LEADER 01384nam a2200313 a 4500 001 000000128142 003 CaOOAMICUS 005 20120322104721.0 008 120322s2011 it u000 u ita r 020 $a978-88-15-23309-7 040 $aPUL$bita 082 04$a341.481 100 1 $aCassese, Antonio,$d1937-2011.$0(OLS)http://pul/name/24056 245 12$aL'esperienza del male :$bguerra, tortura, genocidio, terrorismo alla sbarra /$cAntonio Cassese ; conversazione con Giorgio Acquaviva. 260 $aBologna :$bIl Mulino,$c2011. 300 $a260 p. ;$c21 cm 490 1 $aContemporanea ;$v208 500 $aInclude indici. 650 4$aDiritti umani$xTutela internazionale.$0(OLS)http://pul/subject/20165 700 1 $aAcquaviva, Giorgio.$0(OLS)http://pul/name/25286 830 0$aContemporanea ;$v208.$0(OLS)http://pul/title/39385 850 $aPUL 852 $aPUL$W1$xSL Diritto e Scienze Sociali 3$y79$m341. 481 CASAN 1$j148312$qDDC 21$B146920$CPULBib$Z2$F146920 $H118860 $82 941 1 $a9 996 $6020$a978-88-15-23309-7$9(OLS)http://pul/number/149276 996 $6082$a341.481$9(OLS)http://pul/classification/2000 996 $6245$aL'esperienza del male :$bguerra, tortura, genocidio, terrorismo alla sbarra$9(OLS)http://pul/title/161919 996 $6260$aBologna :$bIl Mulino$9(OLS)http://pul/publisher/47928